Città con gli Edifici più alti - Cina - Statistics

Statistiche generali
  • Questo quiz è stato fatto 25 volte
  • Il punteggio medio è 8 su 10
Statistiche sulle risposte
Edificio Altezza (m) Città % Corretto
Shanghai Tower 632 Shanghai
100%
Ping An Finance Centre 600 Shanghai
100%
Shanghai World Financial Center 492 Shanghai
100%
China Zun 527,7 Pechino
95%
Wuhan Greenland Center 476 Wuhan
90%
Changsha IFS Tower T1 452,1 Changsha
76%
Suzhou IFS 450 Suzhou
76%
Guangzhou CTF Finance Centre 530 Canton
52%
International Commerce Centre 484 Hong Kong
38%
Tianjin CTF Finance Centre 530 Tientsin
24%
Nessun quiz corrispondente trovato
Distribuzione punteggi
Percentuale di utenti per punteggio
Percentile per numero di risposta
I tuoi punteggi nel tempo
Non hai fatto questo quiz